000 00695nam a2200181 a 4500
008 160126s2011 ||||||||||||||||| || u
020 _a9789350251829
050 _aQM 535 Pre
100 _aPremkumar, Sridhar
245 1 0 _aTextbook of craniofacial growth
_cby Sridhar Premkumar
260 _aNew Delhi
_bJaypee Brothers Medical publishers
_c2011
300 _axvii, 377p.: ill.
350 _a74.00
650 _aSKULL BONES--GROWTH & DEVELOPMENT
650 _aFACE--GROWTH
650 _aHEAD--GROWTH
995 _aMICHAEL CHILUFYA SATA OPEN ACCESS
_e903611
_FCBU-SCHOOL OF MEDICINE LIBRARY (Ndola)
_I74.00
_jQM 535 Pre
_M1
_UAVAILABLE
_WFeb 19, 2016
_y903611
_ZMedical Library Open Access Collection
999 _c32868
_d32868